|
|
|
|
| LEADER |
00000nab a2200000 a 4500 |
| 001 |
vtls000609795 |
| 003 |
SK-MaSNL |
| 005 |
20260304094639.0 |
| 008 |
250425c1995 xo 0 slo |
| 015 |
|
|
|a SNBRB19rr/mm-uuuuu
|
| 035 |
|
|
|a CL0609934
|
| 035 |
|
|
|a urn:nbn:sk:snk-abd2wo
|
| 035 |
|
|
|a (urnnbn)urn:nbn:sk:snk:ar-004m9i
|
| 035 |
|
|
|a (uuid)be6d1c3e-6f5d-4806-be1d-40e958ea5154
|
| 040 |
|
|
|a SNKBUCL
|b slo
|c SNKBUCL
|e AACR2
|
| 041 |
0 |
|
|a eng
|
| 044 |
|
|
|a xo
|c SK
|
| 080 |
|
|
|a 669.053.3
|2 1981
|
| 100 |
1 |
|
|a Kammel, R.
|4 aut
|9 803329
|
| 245 |
1 |
0 |
|a Quo vadis hydrometallurgy?
|c R. Kammel
|
| 300 |
|
|
|b Obr. 10, lit. 5 zázn. v angl.
|
| 650 |
0 |
7 |
|a hydrometalurgia
|2 snkbucl
|9 16736
|
| 655 |
|
7 |
|a články z novín a časopisov
|2 snkbucl
|9 267496
|
| 773 |
0 |
|
|t Acta metallurgica slovaca
|g Roč. 1, č. 3 (1995), s. 164-172
|x 1335-1532
|
| 850 |
|
|
|a Slovenská národná knižnica
|
| 852 |
|
|
|a Slovenská národná knižnica
|
| 958 |
|
|
|a article17
|
| 958 |
|
|
|a OND
|
| 958 |
|
|
|a DE
|
| 958 |
|
|
|a NB
|
| 958 |
|
|
|a NX
|
| 958 |
|
|
|a RK
|
| 958 |
|
|
|a EUIPO
|
| 992 |
|
|
|a RBX
|
| 999 |
|
|
|c 2828156
|d 2830086
|